Quick Pick: Talk Like a Pirate Quiz Stats

Quiz Updated Sep 19, 2017

Challenge
Share
Tweet
Embed
Score 0/16 Timer 01:30
0 Plays Today
% Correct
Booty
81.6%
Ahoy
81.1%
Lookout
79.5%
Jolly Roger
78.1%
Landlubber
77.2%
Davy Jones's Locker
75.6%
Grog
73.4%
Quartermaster
72.3%
% Correct
Bucko
70.5%
Deadlights
65.7%
Rapscallion
64.8%
Shanty
64%
Strumpet
63.2%
Carouser
58.3%
Interloper
58%
Knave
52%

Today's Daily Dose

Word Ladder
'90s Movies

Quick Pick
'Fire' Movies

On This Day
June 19th II

You're not logged in!

Compare scores with friends on all Sporcle quizzes.
Join for Free
OR
Log In

You Might Also Like...

Show Comments

Extras

Top Quizzes Today


Score Distribution

Your Account Isn't Verified!

In order to create a playlist on Sporcle, you need to verify the email address you used during registration. Go to your Sporcle Settings to finish the process.

Report this User

Report this user for behavior that violates our Community Guidelines.

Details: